000 01008nam a22003015i 4500
001 11392
003 ES-MaACL
005 20250808085332.0
007 t|
008 921104s1992 sp ||||0| spa j
020 _a84-7100-512-3
040 _aM-BN
_bspa
_cM-BN
080 _a34(8=60)(091)
080 _a35(8=60)(091)
100 1 _aSánchez Bella, Ismael.
_9102489
245 1 0 _aHistoria del derecho indiano /
_cIsmael Sánchez Bella, Alberto de la Hera, Carlos Díaz Rementería.
260 _aMadrid :
_bMAPFRE,
_c[1992]
300 _a407 p ;
_c23 cm.
490 1 _aColección Relaciones entre España y América ;
_v11
500 _aIndice.
504 _aBibliografía: p. [401]
650 1 4 _aDerecho colonial-
_zAmérica española
_911671
700 1 _aHera, Alberto de la.
_962625
700 1 _aDíaz Rementería, Carlos.
_944406
830 0 0 _aColección Relaciones entre España y América
_v11
_9179037
852 _aES-MaACL
_jL-18717
_bR.124226
999 _c11392
_d11392